000 00847nam a2200349Ia 4500
008 210210b2011 xxu||||| |||| 00| 0 eng d
020 _a8121927951
041 _aeng
082 _a658.002 VERC
100 _aVERMA (Sanjeev)
245 _aComplete kit for MBA entrance examinations
_bFor CAT, MAT, XLRI, FMS, XAT, JMET and all other MBA entrance examinations
260 _aNew Delhi
_bS. Chand & Co. Ltd.
_c2011
300 _aviii,1072
650 _aXLRI,
650 _aXAT,
650 _aother
650 _aMBA
650 _aMAT,
650 _akit
650 _aJMET
650 _afor
650 _aFMS,
650 _aexaminations
650 _aentrance
650 _aComplete
650 _aCAT,
650 _aand
650 _aall
690 _aManagement Entrance
700 _aGANGAL (J K)
906 _a067363
999 _c149688
_d149688